[Event "FAI-chT 2122"]
[Site "Faroe Islands"]
[Date "2022.03.13"]
[Round "9.1"]
[White "Andreasen, Jakup a Rogvi"]
[Black "Mortensen, Rogvi"]
[Result "1-0"]
[WhiteElo "1999"]
[BlackElo "2018"]
[PlyCount "61"]
[EventDate "2021.10.03"]
[EventType "team-tourn"]
[EventRounds "10"]
[EventCountry "FAI"]
[SourceTitle "EXT 2023"]
[Source "ChessBase"]
[SourceDate "2022.10.05"]
[SourceVersion "1"]
[SourceVersionDate "2022.10.05"]
[SourceQuality "1"]
[WhiteTeam "Vestmanna"]
[BlackTeam "Havnin II"]
[WhiteTeamCountry "FAI"]
[BlackTeamCountry "FAI"]

1. Nf3 Nf6 2. g3 g6 3. Bg2 Bg7 4. 0-0 0-0 5. d4 d5 6. b3 c5 7. Bb2 cxd4 8. Bxd4 Nc6 9. Bb2 Qc7 10. Na3 e5 11. e3 Rd8 12. Qe2 a6 13. c4 d4 14. exd4 exd4 15. Rad1 Re8 16. Qc2 Bf5 17. Qc1 Re2 18. Nxd4 Nxd4 19. Bxd4 Rxa2 20. h3 Rd8 21. g4 Be6 22. Nc2 Bxg4 23. hxg4 Nxg4 24. Rfe1 Rxc2 25. Qxc2 Bxd4 26. Rxd4 Rxd4 27. Re8+ Kg7 28. Qb2 Qh2+ 29. Kf1 Qf4 30. Re4 Ne3+ 31. Kg1 1-0

[Event "FAI-chT 2122"]
[Site "Faroe Islands"]
[Date "2022.01.23"]
[Round "6.1"]
[White "Ziska, Helgi Dam"]
[Black "Mortensen, Rogvi"]
[Result "1-0"]
[WhiteElo "2539"]
[BlackElo "2018"]
[PlyCount "59"]
[EventDate "2021.10.03"]
[EventType "team-tourn"]
[EventRounds "10"]
[EventCountry "FAI"]
[SourceTitle "EXT 2023"]
[Source "ChessBase"]
[SourceDate "2022.10.05"]
[SourceVersion "1"]
[SourceVersionDate "2022.10.05"]
[SourceQuality "1"]
[WhiteTeam "Havnin"]
[BlackTeam "Havnin II"]
[WhiteTeamCountry "FAI"]
[BlackTeamCountry "FAI"]

1. Nf3 d5 2. g3 c5 3. Bg2 Nc6 4. 0-0 e5 5. d3 Be7 6. e4 d4 7. Na3 h5 8. Nc4 Qc7 9. a4 h4 10. c3 h3 11. Bh1 Be6 12. a5 Bxc4 13. dxc4 0-0-0 14. cxd4 cxd4 15. Bd2 Bc5 16. Qa4 d3 17. b4 Nd4 18. Nxd4 Bxd4 19. Rac1 Ne7 20. a6 bxa6 21. Qxa6+ Qb7 22. Qa3 Kb8 23. b5 Ka8 24. Rb1 Rc8 25. Bb4 Rhe8 26. Qxd3 Qb6 27. Bf3 Rc7 28. Bg4 Qg6 29. Bxh3 Rh8 30. Bg2 1-0

[Event "FAI-chT 2122"]
[Site "Faroe Islands"]
[Date "2021.11.07"]
[Round "4.2"]
[White "Hojgaard, Samson"]
[Black "Mortensen, Rogvi"]
[Result "1/2-1/2"]
[WhiteElo "1969"]
[BlackElo "2018"]
[PlyCount "111"]
[EventDate "2021.10.03"]
[EventType "team-tourn"]
[EventRounds "10"]
[EventCountry "FAI"]
[SourceTitle "EXT 2023"]
[Source "ChessBase"]
[SourceDate "2022.10.05"]
[SourceVersion "1"]
[SourceVersionDate "2022.10.05"]
[SourceQuality "1"]
[WhiteTeam "Vestmanna"]
[BlackTeam "Havnin II"]
[WhiteTeamCountry "FAI"]
[BlackTeamCountry "FAI"]

1. d4 Nf6 2. c4 g6 3. Nc3 d5 4. Bg5 Bg7 5. Bxf6 Bxf6 6. cxd5 c5 7. Nf3 cxd4 8. Nxd4 Qb6 9. Nb3 a5 10. a4 0-0 11. e4 e6 12. Bc4 Qb4 13. Qd3 exd5 14. Bxd5 Nc6 15. 0-0 Rd8 16. Rfd1 Bg4 17. f3 Be6 18. Qb5 Qe7 19. Rd2 Bg5 20. Re2 Bf6 21. Rd1 Bd7 22. Qc5 Qxc5+ 23. Nxc5 Bd4+ 24. Rxd4 Nxd4 25. Rd2 Ne6 26. Nxb7 Rdb8 27. Nd6 Ra6 28. Bc4 Ra7 29. b3 Bc6 30. Ncb5 Rd7 31. Bd5 Bxb5 32. Nxb5 Rc8 33. g3 Rc1+ 34. Kf2 Kf8 35. f4 Ke7 36. h4 Nc5 37. Re2 Nd3+ 38. Kg2 Rd1 39. h5 Ne1+ 40. Kh3 Nd3 41. hxg6 hxg6 42. Kh4 Rd8 43. Kg4 Rd7 44. Kf3 Nb4 45. Nc3 Rc1 46. Na2 Nxa2 47. Rxa2 Rc3+ 48. Kf2 Rxd5 49. exd5 Rxb3 50. Rc2 Rb4 51. Rc7+ Ke8 52. Ke3 Rxa4 53. g4 Rb4 54. g5 a4 55. Ra7 Rc4 56. Ra8+ 1/2-1/2

[Event "FAI-chT 2021"]
[Site "Faroe Islands"]
[Date "2021.03.13"]
[Round "10.1"]
[White "Mortensen, Rogvi"]
[Black "Hamitevici, Vladimir"]
[Result "1/2-1/2"]
[WhiteElo "2026"]
[BlackElo "2461"]
[PlyCount "94"]
[EventDate "2020.10.04"]
[EventType "team-tourn"]
[EventRounds "10"]
[EventCountry "FAI"]
[SourceTitle "EXT 2022"]
[Source "ChessBase"]
[SourceDate "2021.10.06"]
[SourceVersion "1"]
[SourceVersionDate "2021.10.06"]
[SourceQuality "1"]
[WhiteTeam "Havnin II"]
[BlackTeam "Klaksvik"]
[WhiteTeamCountry "FAI"]
[BlackTeamCountry "FAI"]

1. d4 g6 2. c4 Bg7 3. Nc3 c5 4. d5 d6 5. e4 Nf6 6. h3 0-0 7. Nf3 e6 8. Bd3 Re8 9. 0-0 Na6 10. dxe6 Bxe6 11. Bf4 Qb6 12. Qd2 Nd7 13. Nd5 Bxd5 14. exd5 Ne5 15. Nxe5 dxe5 16. Be3 e4 17. Be2 Rad8 18. Rab1 Bd4 19. b4 Bxe3 20. Qxe3 Qd6 21. bxc5 Nxc5 22. Qg3 f5 23. Qxd6 Rxd6 24. Rb5 Rc8 25. Ra5 a6 26. Rb1 Kg7 27. f3 exf3 28. Bxf3 Kf6 29. Ra3 Rc7 30. Kf2 f4 31. g3 fxg3+ 32. Kxg3 Ke5 33. Rd1 Rf7 34. Re3+ Kf6 35. Rde1 Rb6 36. Re8 Rb4 37. Rc1 Rb2 38. Rc8 b6 39. Rc6+ Kg7 40. d6 Rxa2 41. Bd5 Ra3+ 42. Kg2 Rd7 43. Re1 Kf6 44. Rf1+ Ke5 45. Re1+ Kf6 46. Rf1+ Ke5 47. Re1+ Kf6 1/2-1/2

[Event "FAI-chT 2021"]
[Site "Faroe Islands"]
[Date "2020.10.04"]
[Round "1.4"]
[White "Mortensen, Rogvi"]
[Black "Joensen, Oli"]
[Result "1/2-1/2"]
[WhiteElo "2026"]
[BlackElo "1785"]
[PlyCount "73"]
[EventDate "2020.10.04"]
[EventType "team-tourn"]
[EventRounds "10"]
[EventCountry "FAI"]
[SourceTitle "EXT 2022"]
[Source "ChessBase"]
[SourceDate "2021.10.06"]
[SourceVersion "1"]
[SourceVersionDate "2021.10.06"]
[SourceQuality "1"]
[WhiteTeam "Havnin"]
[BlackTeam "Havnin II"]
[WhiteTeamCountry "FAI"]
[BlackTeamCountry "FAI"]

1. d4 c5 2. d5 e6 3. Nc3 exd5 4. Nxd5 d6 5. e4 Nf6 6. Nf3 Be6 7. Bc4 Be7 8. 0-0 0-0 9. Re1 Nc6 10. Bf4 Ne8 11. c3 a6 12. a4 Kh8 13. Qd2 Na5 14. Ba2 b5 15. b4 Nb7 16. Nxe7 Qxe7 17. Bxe6 fxe6 18. axb5 Nc7 19. bxa6 Nxa6 20. bxc5 Naxc5 21. Rxa8 Rxa8 22. Nd4 Rc8 23. f3 Na5 24. Nb5 Nc4 25. Qe2 Nd7 26. Rd1 e5 27. Bg3 Nf6 28. Bf2 Qd7 29. Rb1 h6 30. Rb4 d5 31. h3 Nh5 32. exd5 Qxd5 33. Qe4 Qd1+ 34. Qe1 Qd5 35. Qe4 Qd1+ 36. Qe1 Qd5 37. Qe4 1/2-1/2

[Event "FAI-chT 1920"]
[Site "Faroe Islands"]
[Date "2020.02.02"]
[Round "7.1"]
[White "Nielsen, Hogni Egilstoft"]
[Black "Mortensen, Rogvi"]
[Result "1-0"]
[WhiteElo "2413"]
[BlackElo "2034"]
[PlyCount "93"]
[EventDate "2019.10.13"]
[EventType "team-tourn"]
[EventRounds "10"]
[EventCountry "FAI"]
[SourceTitle "CBM 195 Extra"]
[Source "ChessBase"]
[SourceDate "2020.05.31"]
[SourceVersion "1"]
[SourceVersionDate "2020.05.31"]
[SourceQuality "1"]
[WhiteTeam "Sandavagur"]
[BlackTeam "Havnin II"]
[WhiteTeamCountry "FAI"]
[BlackTeamCountry "FAI"]

1. Nf3 Nf6 2. g3 d5 3. Bg2 c5 4. d3 Nc6 5. Nbd2 e6 6. 0-0 Be7 7. e4 0-0 8. c3 b5 9. e5 Nd7 10. Re1 Bb7 11. Nf1 Qc7 12. Bf4 Rfc8 13. h4 h6 14. Qd2 Bf8 15. h5 d4 16. c4 bxc4 17. dxc4 Qa5 18. Qd1 Ne7 19. g4 Bc6 20. Ng3 Qb6 21. b3 Qb7 22. Qd3 Rab8 23. Ne4 Bxe4 24. Rxe4 a5 25. g5 a4 26. Rb1 axb3 27. axb3 Qb4 28. Bd2 Qa3 29. Bc1 Qa2 30. Re2 Qa5 31. Bd2 Qa3 32. Nh4 Rb6 33. gxh6 gxh6 34. Qg3+ Kh8 35. Bc1 Qa7 36. Qf4 Kg8 37. Qg3+ Kh8 38. Qf4 Kg8 39. Be4 Bg7 40. Bc2 f6 41. Qg3 Kh8 42. exf6 Bxf6 43. Ng6+ Nxg6 44. hxg6 Ne5 45. Rxe5 Bxe5 46. Qxe5+ Qg7 47. Qh5 1-0

[Event "FAI-chT 1920"]
[Site "Faroe Islands"]
[Date "2019.10.13"]
[Round "1.4"]
[White "Mortensen, Rogvi"]
[Black "Hansen, Joannes V"]
[Result "0-1"]
[WhiteElo "2034"]
[BlackElo "1839"]
[PlyCount "71"]
[EventDate "2019.10.13"]
[EventType "team-tourn"]
[EventRounds "10"]
[EventCountry "FAI"]
[SourceTitle "CBM 195 Extra"]
[Source "ChessBase"]
[SourceDate "2020.05.31"]
[SourceVersion "1"]
[SourceVersionDate "2020.05.31"]
[SourceQuality "1"]
[WhiteTeam "Havnin"]
[BlackTeam "Havnin II"]
[WhiteTeamCountry "FAI"]
[BlackTeamCountry "FAI"]

1. d4 d5 2. Nf3 e6 3. g3 f5 4. Bg2 Nf6 5. 0-0 Bd6 6. c4 c6 7. Nbd2 0-0 8. Ne5 Nbd7 9. Nd3 Ne4 10. Qc2 Qf6 11. Nf3 g5 12. b3 g4 13. Nfe5 Ng5 14. f3 h5 15. fxg4 hxg4 16. Kh1 Qg7 17. Bf4 Nf7 18. cxd5 cxd5 19. Nxf7 Bxf4 20. Nxf4 Qxf7 21. Qc7 Nb8 22. Qd6 Qd7 23. Qe5 Nc6 24. Qe3 Rf6 25. h3 gxh3 26. Nxh3 Qg7 27. Rf4 Rg6 28. Kh2 Bd7 29. Rh4 Kf7 30. Rf1 Rg8 31. Rf3 e5 32. dxe5 Nxe5 33. Rxf5+ Bxf5 34. Bxd5+ Be6 35. Bxe6+ Rxe6 36. Qf4+ 0-1

[Event "FAI-chT 1819"]
[Site "Faroe Islands"]
[Date "2019.03.17"]
[Round "9.2"]
[White "Johannesen, Eydalvur"]
[Black "Mortensen, Rogvi"]
[Result "1/2-1/2"]
[WhiteElo "1988"]
[BlackElo "2024"]
[PlyCount "60"]
[EventDate "2018.10.28"]
[EventType "team-tourn"]
[EventRounds "10"]
[EventCountry "FAI"]
[SourceTitle "CBM 189 Extra"]
[Source "ChessBase"]
[SourceDate "2019.06.03"]
[SourceVersion "1"]
[SourceVersionDate "2019.06.03"]
[SourceQuality "1"]
[WhiteTeam "Kollafjordjur"]
[BlackTeam "Havnin II"]
[WhiteTeamCountry "FAI"]
[BlackTeamCountry "FAI"]

1. e4 e5 2. Nf3 Nc6 3. Bb5 a6 4. Bxc6 dxc6 5. 0-0 Qf6 6. d4 exd4 7. Qxd4 Qxd4 8. Nxd4 Bd7 9. Bf4 0-0-0 10. Nc3 Ne7 11. Rad1 Ng6 12. Bg3 Bb4 13. Nce2 Rhe8 14. c3 Bf8 15. f3 c5 16. Nb3 f5 17. exf5 Bxf5 18. Rxd8+ Rxd8 19. Re1 Re8 20. Kf2 Ne5 21. Bxe5 Rxe5 22. Ng3 Rxe1 23. Kxe1 Be6 24. Ne4 b6 25. Nc1 Kd7 26. b3 Kc6 27. Nd3 g6 28. Nf4 Bf5 29. h3 Bg7 30. c4 Be5 1/2-1/2

[Event "FAI-chT 1819"]
[Site "Faroe Islands"]
[Date "2019.02.24"]
[Round "7.1"]
[White "Nielsen, Hogni Egilstoft"]
[Black "Mortensen, Rogvi"]
[Result "1-0"]
[WhiteElo "2400"]
[BlackElo "2024"]
[PlyCount "99"]
[EventDate "2018.10.28"]
[EventType "team-tourn"]
[EventRounds "10"]
[EventCountry "FAI"]
[SourceTitle "CBM 189 Extra"]
[Source "ChessBase"]
[SourceDate "2019.06.03"]
[SourceVersion "1"]
[SourceVersionDate "2019.06.03"]
[SourceQuality "1"]
[WhiteTeam "Sandavagur"]
[BlackTeam "Havnin II"]
[WhiteTeamCountry "FAI"]
[BlackTeamCountry "FAI"]

1. Nc3 Nf6 2. e4 e5 3. Bc4 Nxe4 4. Nxe4 d5 5. Bd3 dxe4 6. Bxe4 f5 7. Bf3 Bd6 8. d3 Nd7 9. Ne2 Nf6 10. g3 0-0 11. d4 c6 12. dxe5 Bxe5 13. 0-0 Be6 14. Nf4 Bc4 15. Nd3 Bd4 16. Re1 Qb6 17. Be3 Rad8 18. Bxd4 Rxd4 19. Qc1 Bxd3 20. cxd3 Rfd8 21. Qg5 Qc5 22. Rac1 Qf8 23. Qxf5 Rxd3 24. Rcd1 Rxd1 25. Rxd1 Nd5 26. Bxd5+ cxd5 27. Rxd5 Qxf5 28. Rxf5 Rd2 29. Rb5 b6 30. Kf1 Rc2 31. Ke1 h6 32. a4 Kh7 33. b4 Rb2 34. Kf1 Kg6 35. Kg2 Kf6 36. Kf3 Rb3+ 37. Ke4 Rb2 38. Kd5 Ra2 39. a5 bxa5 40. Rxa5 Rxf2 41. Ra6+ Kf5 42. Rxa7 Rd2+ 43. Kc4 Rc2+ 44. Kb3 Rxh2 45. Rxg7 Kf6 46. Rc7 Ke6 47. b5 Kd6 48. Rc3 Rh1 49. Kb4 h5 50. Ka5 1-0

[Event "Helsingor Xtracon op"]
[Site "Helsingor"]
[Date "2018.07.28"]
[Round "9"]
[White "Mortensen, Rogvi"]
[Black "Schwarz, Frank"]
[Result "0-1"]
[WhiteElo "2047"]
[BlackElo "2234"]
[PlyCount "108"]
[EventDate "2018.07.21"]
[EventType "swiss"]
[EventRounds "10"]
[EventCountry "DEN"]
[SourceTitle "CBM 185 Extra"]
[Source "ChessBase"]
[SourceDate "2018.07.29"]
[SourceVersion "1"]
[SourceVersionDate "2018.07.29"]
[SourceQuality "1"]

1. d4 Nf6 2. c4 e6 3. Nc3 Bb4 4. Qc2 0-0 5. Nf3 d5 6. cxd5 exd5 7. Bf4 Re8 8. e3 c6 9. Bd3 Nbd7 10. a3 Bxc3+ 11. Qxc3 Ne4 12. Qc2 Nf8 13. h3 f6 14. Nd2 Ne6 15. Bxe4 dxe4 16. Bg3 f5 17. Be5 Ng5 18. 0-0-0 Be6 19. f4 Nf7 20. g4 c5 21. gxf5 Bxf5 22. Kb1 cxd4 23. Bxd4 Rc8 24. Qa4 a6 25. h4 h5 26. Rc1 Rxc1+ 27. Rxc1 Nd6 28. Qb3+ Kh7 29. Qd5 Qd7 30. Be5 Nf7 31. Qxd7 Bxd7 32. Bd4 Rc8 33. Rg1 g6 34. Nb3 Bg4 35. Nc5 Nd6 36. Rc1 Be2 37. Rc3 Nb5 38. Rb3 b6 39. Nxe4 Bc4 40. Nf6+ Kg7 41. Rxb5 Bxb5 42. Nxh5+ Kf7 43. Nf6 a5 44. Ng4 Bd3+ 45. Ka2 Bf5 46. Nh6+ Ke6 47. Nxf5 Kxf5 48. a4 Rc6 49. b4 Ke4 50. Kb3 Kd3 51. bxa5 bxa5 52. f5 gxf5 53. Ba7 Rc7 54. Bd4 f4 0-1

[Event "Helsingor Xtracon op"]
[Site "Helsingor"]
[Date "2018.07.26"]
[Round "7"]
[White "Mortensen, Rogvi"]
[Black "Smeby, Ole"]
[Result "1/2-1/2"]
[WhiteElo "2047"]
[BlackElo "1887"]
[PlyCount "113"]
[EventDate "2018.07.21"]
[EventType "swiss"]
[EventRounds "10"]
[EventCountry "DEN"]
[SourceTitle "CBM 185 Extra"]
[Source "ChessBase"]
[SourceDate "2018.07.29"]
[SourceVersion "1"]
[SourceVersionDate "2018.07.29"]
[SourceQuality "1"]

1. d4 Nf6 2. c4 c5 3. d5 b5 4. cxb5 a6 5. bxa6 Bxa6 6. Nc3 g6 7. e4 Bxf1 8. Kxf1 d6 9. g3 Bg7 10. Kg2 0-0 11. Nf3 Nbd7 12. a4 Qa5 13. Bd2 Rfb8 14. Nb5 Qb6 15. Qc2 Ne8 16. Bc3 Nc7 17. Nxc7 Qxc7 18. Bxg7 Kxg7 19. Nd4 Rb7 20. Nb5 Qa5 21. b3 Rab8 22. Rac1 Nf6 23. Rhe1 Ne8 24. Qc3+ Qxc3 25. Rxc3 Nc7 26. Nxc7 Rxc7 27. e5 Rcb7 28. exd6 exd6 29. Ree3 Rb4 30. Kf3 Rd4 31. Red3 Rbb4 32. Ke2 Kf6 33. f4 h5 34. Rxd4 Rxd4 35. Rc4 Rxd5 36. a5 h4 37. a6 Rh5 38. a7 Rh8 39. Ra4 Ra8 40. Kd3 hxg3 41. hxg3 d5 42. Ra5 Ke6 43. Ra6+ Kf5 44. Ra5 Kg4 45. Rxc5 Rxa7 46. Rxd5 Kxg3 47. Rd4 f5 48. b4 Kg4 49. b5 Rb7 50. Kc4 g5 51. fxg5+ Kxg5 52. Kc5 f4 53. Kc6 Rb8 54. b6 Kg4 55. Kc7 Rxb6 56. Kxb6 Kg3 57. Rxf4 1/2-1/2

[Event "FAI-ch"]
[Site "Torshavn"]
[Date "2018.03.25"]
[Round "2"]
[White "Mortensen, Rogvi"]
[Black "Ziska, Helgi Dam"]
[Result "0-1"]
[WhiteElo "2018"]
[BlackElo "2552"]
[PlyCount "50"]
[EventDate "2018.03.24"]
[EventType "tourn"]
[EventRounds "7"]
[EventCountry "FAI"]
[SourceTitle "CBM 183 Extra"]
[Source "ChessBase"]
[SourceDate "2018.04.19"]
[SourceVersion "1"]
[SourceVersionDate "2018.04.19"]
[SourceQuality "1"]

1. d4 Nf6 2. c4 g6 3. Nc3 Bg7 4. e4 d6 5. f3 0-0 6. Nge2 a6 7. Be3 Nbd7 8. Qd2 b5 9. cxb5 axb5 10. Nxb5 c6 11. Nbc3 e5 12. Ng3 d5 13. dxe5 Nxe5 14. Be2 h5 15. 0-0 h4 16. Nh1 h3 17. g3 dxe4 18. Qxd8 Rxd8 19. fxe4 Nfg4 20. Bf4 Nd3 21. Bxd3 Rxd3 22. e5 g5 23. Bxg5 Bxe5 24. Nf2 Bd4 25. Ncd1 Rf3 0-1

[Event "Reykjavik op"]
[Site "Reykjavik"]
[Date "2018.03.11"]
[Round "6"]
[White "Thavandiran, Shiyam"]
[Black "Mortensen, Rogvi"]
[Result "1-0"]
[WhiteElo "2399"]
[BlackElo "2018"]
[PlyCount "55"]
[EventDate "2018.03.06"]
[EventType "swiss"]
[EventRounds "9"]
[EventCountry "ISL"]
[SourceTitle "CBM 183 Extra"]
[Source "ChessBase"]
[SourceDate "2018.04.19"]
[SourceVersion "1"]
[SourceVersionDate "2018.04.19"]
[SourceQuality "1"]

1. e4 e6 2. d3 d5 3. Nd2 Nf6 4. Ngf3 Nc6 5. Be2 e5 6. c3 Bd6 7. b4 0-0 8. 0-0 Ne7 9. Bb2 Ng6 10. Re1 Re8 11. Bf1 c6 12. g3 Bf8 13. a3 a5 14. Bg2 b5 15. Qc2 Qb6 16. Rab1 h6 17. Nf1 dxe4 18. dxe4 Be6 19. Ne3 c5 20. bxa5 Qxa5 21. c4 bxc4 22. Nxc4 Bxc4 23. Qxc4 Qa4 24. Bf1 Nd7 25. Qa2 Nb6 26. Nd2 Ra7 27. Ba1 Qa5 28. Rb5 1-0

[Event "Reykjavik op"]
[Site "Reykjavik"]
[Date "2018.03.08"]
[Round "4"]
[White "Kjartansson, Gudmundur"]
[Black "Mortensen, Rogvi"]
[Result "1/2-1/2"]
[WhiteElo "2432"]
[BlackElo "2018"]
[PlyCount "58"]
[EventDate "2018.03.06"]
[EventType "swiss"]
[EventRounds "9"]
[EventCountry "ISL"]
[SourceTitle "CBM 183 Extra"]
[Source "ChessBase"]
[SourceDate "2018.04.19"]
[SourceVersion "1"]
[SourceVersionDate "2018.04.19"]
[SourceQuality "1"]

1. Nf3 Nf6 2. c4 g6 3. g3 c6 4. b3 d5 5. Bg2 Bg7 6. Bb2 0-0 7. 0-0 dxc4 8. bxc4 Qb6 9. Qc2 c5 10. Nc3 Nc6 11. Rab1 Nb4 12. Qb3 Bf5 13. d3 Nxd3 14. exd3 Qxb3 15. axb3 Bxd3 16. Ne5 Bxb1 17. Rxb1 Rad8 18. Na4 b6 19. Nc3 e6 20. Kf1 Rd2 21. Ke1 Rfd8 22. Nd1 h5 23. h3 Ne8 24. Ba1 Ra2 25. Bc3 Rc2 26. Ba1 Ra2 27. Bc3 Rc2 28. Ba1 Ra2 29. Bc3 Rc2 1/2-1/2

[Event "FAI-chT 1718"]
[Site "Faroe Islands"]
[Date "2017.12.03"]
[Round "2.1"]
[White "Mortensen, Rogvi"]
[Black "Nielsen, Rogvi Egilstoft"]
[Result "1/2-1/2"]
[WhiteElo "1944"]
[BlackElo "2338"]
[PlyCount "172"]
[EventDate "2017.10.22"]
[EventType "team-tourn"]
[EventRounds "10"]
[EventCountry "FAI"]
[SourceTitle "EXT 2019"]
[Source "ChessBase"]
[SourceDate "2018.10.10"]
[SourceVersion "1"]
[SourceVersionDate "2018.10.10"]
[SourceQuality "1"]
[WhiteTeam "Havnin II"]
[BlackTeam "Sandavagur"]
[WhiteTeamCountry "FAI"]
[BlackTeamCountry "FAI"]

1. d4 e6 2. c4 Nf6 3. Nc3 d5 4. cxd5 exd5 5. Bg5 c6 6. Qc2 g6 7. e3 Bf5 8. Qb3 b6 9. Nf3 Be7 10. Be2 0-0 11. 0-0 Nbd7 12. Rac1 Ne4 13. Bxe7 Qxe7 14. Nxe4 dxe4 15. Nd2 c5 16. Qa3 Qg5 17. Rfd1 cxd4 18. exd4 Nf6 19. Nf1 Nd5 20. Qg3 Qxg3 21. Nxg3 Rfd8 22. Ba6 Bg4 23. Re1 Nb4 24. Nxe4 Bf5 25. Bf1 Rxd4 26. Ng3 Be6 27. a3 Nd5 28. Re4 Rd2 29. Re2 Rd4 30. Re4 Rd2 31. Re2 Rxe2 32. Bxe2 Rd8 33. Rd1 Rc8 34. Bd3 Kg7 35. Ne2 Bg4 36. Kf1 Rc7 37. h3 Bxe2+ 38. Kxe2 Nf4+ 39. Kf3 Ne6 40. Bb1 h6 41. Rd2 Rc1 42. Ba2 Ng5+ 43. Ke3 Rc7 44. Rd4 Nh7 45. f4 Nf6 46. Rd2 h5 47. Kf3 Rc1 48. Re2 Rf1+ 49. Ke3 Nd7 50. b4 Ra1 51. Kd4 Rd1+ 52. Kc4 Kf8 53. Kb5 Rd3 54. a4 Rd4 55. Kc6 Nf6 56. Rb2 Ne8 57. f5 gxf5 58. a5 Ke7 59. Re2+ Kf8 60. Rb2 f6 61. Kb7 Rd7+ 62. Kc6 Rc7+ 63. Kd5 Ke7 64. axb6 axb6 65. Re2+ Kd7 66. Bb1 f4 67. Bd3 Ng7 68. Bb5+ Kd8 69. Ra2 Ke7 70. Ra6 Nf5 71. Rxb6 Ne3+ 72. Ke4 Nxg2 73. Bf1 Ne3 74. Be2 h4 75. Rb8 Rc2 76. Bd3 Rc3 77. Ba6 Nc2 78. Kxf4 Rxh3 79. b5 Ra3 80. Rh8 Ra4+ 81. Kf3 Nd4+ 82. Kg2 Nf5 83. b6 Ra2+ 84. Kh3 Ra3+ 85. Kg4 Ne3+ 86. Kxh4 Nf5+ 1/2-1/2

[Event "Faroes op"]
[Site "Kollafjord"]
[Date "2017.07.19"]
[Round "9"]
[White "Mortensen, Rogvi"]
[Black "Nielsen, Rogvi Egilstoft"]
[Result "1/2-1/2"]
[WhiteElo "1939"]
[BlackElo "2353"]
[PlyCount "81"]
[EventDate "2017.07.12"]
[EventType "swiss"]
[EventRounds "9"]
[EventCountry "FAI"]
[SourceTitle "EXT 2018"]
[Source "ChessBase"]
[SourceDate "2017.10.13"]
[SourceVersion "1"]
[SourceVersionDate "2017.10.13"]
[SourceQuality "1"]

1. d4 Nf6 2. c4 c5 3. d5 b5 4. cxb5 a6 5. bxa6 g6 6. Nc3 Bxa6 7. e4 Bxf1 8. Kxf1 d6 9. g3 Bg7 10. Kg2 Nbd7 11. Nf3 0-0 12. a4 Ra6 13. Ra3 Qa8 14. Qc2 e6 15. dxe6 fxe6 16. Re1 Qc6 17. Nb5 d5 18. exd5 exd5 19. Ng5 Ng4 20. f4 Qb7 21. Qe2 d4+ 22. Kg1 Ngf6 23. Nc7 Rd6 24. Qc4+ Nd5 25. Nge6 Nxc7 26. Nxc7+ Kh8 27. Ne8 Rc6 28. Nxg7 Kxg7 29. Re7+ Kh8 30. Qd5 Rc7 31. Qd6 Rf6 32. Re8+ Kg7 33. Re7+ Kh8 34. Re8+ Kg7 35. Re7+ Kg8 36. Re8+ Kg7 37. Re7+ Kg8 38. Re8+ Kg7 39. Re7+ Kh8 40. Re8+ Kg7 41. Re7+ 1/2-1/2

[Event "Faroes op"]
[Site "Kollafjord"]
[Date "2017.07.15"]
[Round "5"]
[White "Mortensen, Rogvi"]
[Black "Jacobsen, Mikkel Manosri"]
[Result "1/2-1/2"]
[WhiteElo "1939"]
[BlackElo "2247"]
[PlyCount "128"]
[EventDate "2017.07.12"]
[EventType "swiss"]
[EventRounds "9"]
[EventCountry "FAI"]
[SourceTitle "EXT 2018"]
[Source "ChessBase"]
[SourceDate "2017.10.13"]
[SourceVersion "1"]
[SourceVersionDate "2017.10.13"]
[SourceQuality "1"]

1. d4 d5 2. c4 e6 3. Nf3 Nf6 4. g3 Be7 5. Bg2 0-0 6. 0-0 b6 7. Nc3 dxc4 8. Ne5 Nd5 9. Nxc4 c6 10. Qb3 Ba6 11. Rd1 Qc8 12. e4 Nc7 13. Be3 Nd7 14. Rac1 Rb8 15. Bf4 Bxc4 16. Qxc4 e5 17. Be3 exd4 18. Bxd4 Ne6 19. Be3 Bc5 20. Bxc5 bxc5 21. b3 Ne5 22. Qe2 g5 23. Qe3 g4 24. Ne2 Qa6 25. Nf4 Qxa2 26. Nxe6 fxe6 27. Rxc5 Rxb3 28. Qg5+ Ng6 29. Rf1 Rb2 30. Qe3 Re2 31. Qd4 e5 32. Qc4+ Qxc4 33. Rxc4 a5 34. Ra4 Rd8 35. Rxa5 Rc2 36. h3 h5 37. hxg4 hxg4 38. Raa1 Rdd2 39. Rac1 Rxf2 40. Rxf2 Rxc1+ 41. Bf1 c5 42. Kg2 c4 43. Be2 Kg7 44. Rf1 Rc2 45. Rf2 c3 46. Bd3 Rc1 47. Rc2 Rxc2+ 48. Bxc2 Nf8 49. Kf2 Ne6 50. Ke3 Kf6 51. Kd3 Ng7 52. Bd1 c2 53. Kxc2 Kg5 54. Kd3 Nh5 55. Kc4 Nxg3 56. Kd5 Kf4 57. Bxg4 Nxe4 58. Bf3 Nc3+ 59. Kd6 Nb5+ 60. Kd5 Nd4 61. Be4 Nf5 62. Bd3 Ne3+ 63. Kd6 Nf5+ 64. Kd5 Nd4 1/2-1/2

[Event "Faroes op"]
[Site "Kollafjord"]
[Date "2017.07.14"]
[Round "4"]
[White "Tummasarson, Flovin M"]
[Black "Mortensen, Rogvi"]
[Result "0-1"]
[WhiteElo "1235"]
[BlackElo "1939"]
[PlyCount "62"]
[EventDate "2017.07.12"]
[EventType "swiss"]
[EventRounds "9"]
[EventCountry "FAI"]
[SourceTitle "EXT 2018"]
[Source "ChessBase"]
[SourceDate "2017.10.13"]
[SourceVersion "1"]
[SourceVersionDate "2017.10.13"]
[SourceQuality "1"]

1. e4 c5 2. Nf3 e6 3. Nc3 Nc6 4. Bc4 Nf6 5. d4 cxd4 6. Nxd4 Qc7 7. Bb3 Be7 8. Ndb5 Qb8 9. Be3 0-0 10. f4 a6 11. Nd4 d6 12. Nxc6 bxc6 13. 0-0 d5 14. exd5 exd5 15. Ba4 Bd7 16. Rb1 Bd6 17. Ne2 Qc7 18. Qd2 Ne4 19. Qd3 Rfe8 20. Rbd1 a5 21. c4 Nc5 22. Bxc5 Bxc5+ 23. Kh1 Re3 24. Qc2 Bg4 25. Rde1 Rae8 26. cxd5 Bb4 27. Bxc6 Bxe1 28. d6 Qc8 29. Qa4 Rd8 30. Qd4 Rxe2 31. Bb5 Rd2 0-1

[Event "FAI-chT 1617"]
[Site "Faroe Islands"]
[Date "2017.01.28"]
[Round "5.3"]
[White "Dragaberg, Rogvi"]
[Black "Mortensen, Rogvi"]
[Result "0-1"]
[WhiteElo "1868"]
[BlackElo "1863"]
[PlyCount "142"]
[EventDate "2016.10.23"]
[EventType "team-tourn"]
[EventRounds "10"]
[EventCountry "FAI"]
[SourceTitle "EXT 2020"]
[Source "ChessBase"]
[SourceDate "2019.10.17"]
[SourceVersion "1"]
[SourceVersionDate "2019.10.17"]
[SourceQuality "1"]
[WhiteTeam "Klaksvik II"]
[BlackTeam "Havnin II"]
[WhiteTeamCountry "FAI"]
[BlackTeamCountry "FAI"]

1. e4 e6 2. d4 d5 3. Nc3 Nf6 4. e5 Nfd7 5. f4 c5 6. Nf3 Nc6 7. Be3 a6 8. Be2 b5 9. 0-0 Qb6 10. Qd2 cxd4 11. Nxd4 Bc5 12. Rad1 Bb7 13. Kh1 Rc8 14. a3 0-0 15. Rf3 Nxd4 16. Bxd4 Bxd4 17. Qxd4 Qxd4 18. Rxd4 Nb6 19. Rf1 f6 20. exf6 gxf6 21. Re1 f5 22. Rd2 Rf6 23. Bd3 Kf7 24. Ne2 Na4 25. c3 Nc5 26. Nd4 Rg8 27. Nf3 Ne4 28. Bxe4 fxe4 29. Ne5+ Ke7 30. g3 Rff8 31. Re3 a5 32. Rd4 Rc8 33. Re2 Ba6 34. Re3 Rc7 35. Kg2 b4 36. axb4 Rb8 37. bxa5 Rxb2+ 38. Kh3 Rb3 39. Rb4 Ra3 40. Rb6 Bf1+ 41. Kh4 Kf6 42. Nc6 Bd3 43. Nd4 Re7 44. f5 Rxc3 45. g4 Ke5 46. Nc6+ Rxc6 47. Rxc6 exf5 48. gxf5 Kxf5 49. Kg3 Ra7 50. a6 Ke5 51. Kf2 Bxa6 52. Rg3 Bc4 53. Rc3 Kd4 54. Rc1 Ra2+ 55. Kg3 Ra7 56. h4 Kd3 57. Rd1+ Ke2 58. Rc1 e3 59. Re6 Kd2 60. Rb1 Rf7 61. h5 e2 62. h6 Bd3 63. Ra1 Bc2 64. Ra2 d4 65. Rxc2+ Kxc2 66. Rxe2+ Kd1 67. Re4 d3 68. Rd4 d2 69. Kg4 Rc7 70. Kf3 Kc1 71. Ke2 Re7+ 0-1